000 02861nam0a2200349 4500
001 RU\NLR\BIBL_A\012779307
005 20220810173337.0
010 _a978-5-6047503-2-2
_970
021 _aRU
_bКН-П-22-004217
_9КН-П-22-0324
035 _a(NLR Aleph) 012779307
035 _a(RuMoRGB)010965341
090 _a13118078
_c13118078
100 _a20220505d2021 u y0rusy50 ca
101 0 _arus
102 _aRU
105 _aah||z|||100zy
181 0 _ai
_baxxe
182 0 _an
200 1 _aСборник материалов научно-практической конференции "Великая Отечественная война в национальной памяти народа", 6 мая 2021 года
_fАдминистрация муниципального образования Тверской области "Калининский район", ЦРМБ имени Н. К. Крупской
_gсоставитель: О.А. Шулина
203 _aТекст
_bвизуальный
_cнепосредственный
210 _aТверь
_cТриада
_d2021
215 _a91 с.
_cил., факс.
_d21
320 _aБиблиогр. в конце ст. и в подстроч. примеч.
330 _aСборник содержит материалы научно-практической конференции <Великая Отечественная война в национальной памяти народа>, лучшие научные статьи доктора исторических наук, кандидата исторических наук, ведущего научного сотрудника, доктора политических наук и профессора независимого исследователя города Москвы и Нижнего Новгорода, уполномоченного представителя фонда <Жить и помнить>, учащихся 8-9-х классов. Для специалистов в области естественнонаучных и общественных наук, преподавателей, обучающихся
606 1 _aВеликая Отечественная война
_z1941 - 1945
_xУвековечение памяти
_jСборники
_2nlr_sh2
_3RU\NLR\AUTH\661442000
686 1 _aТ3(2)722я43
686 1 _aЦ35(2)722я43
710 1 2 _a"Великая Отечественная война в национальной памяти народа", научно-практическая конференция
_f2021
_eд. Рязаново, Тверская обл.
_3RU\NLR\AUTH\880564899
942 _cBOOK
980 _aNB